000 00306nam a22001217a 4500
008 160504b xxu||||| |||| 00| 0 eng d
020 _a9780077354817
020 _a9780073040547
041 _aeng
080 _a612.39
245 _aContemporary nutrition:
_cGordon M. Wardlaw;Anne M.Smith;
942 _2udc
_cBK
999 _c1772
_d1772